<?xml version="1.0" encoding="UTF-8"?>
<record
    xmlns:xsi="http://www.w3.org/2001/XMLSchema-instance"
    xsi:schemaLocation="http://www.loc.gov/MARC21/slim http://www.loc.gov/standards/marcxml/schema/MARC21slim.xsd"
    xmlns="http://www.loc.gov/MARC21/slim">

  <leader>00947nam a22001937a 4500</leader>
  <datafield tag="999" ind1=" " ind2=" ">
    <subfield code="c">59116</subfield>
    <subfield code="d">59116</subfield>
  </datafield>
  <controlfield tag="003">Ge_BSU</controlfield>
  <controlfield tag="005">20221128114922.0</controlfield>
  <controlfield tag="008">221128s1974ge  xxu||||| |||| 00| 0 geo d</controlfield>
  <datafield tag="041" ind1=" " ind2=" ">
    <subfield code="a">geo</subfield>
    <subfield code="h">eng</subfield>
  </datafield>
  <datafield tag="080" ind1=" " ind2=" ">
    <subfield code="a">821.111-312.6 &#x10E1;-85</subfield>
  </datafield>
  <datafield tag="100" ind1=" " ind2=" ">
    <subfield code="a">&#x10E1;&#x10E2;&#x10DD;&#x10E3;&#x10DC;&#x10D8;, &#x10D8;&#x10E0;&#x10D5;&#x10D8;&#x10DC;&#x10D2;, 1903-1989.</subfield>
    <subfield code="9">16139</subfield>
  </datafield>
  <datafield tag="245" ind1=" " ind2=" ">
    <subfield code="a">&#x10EC;&#x10E7;&#x10E3;&#x10E0;&#x10D5;&#x10D8;&#x10DA;&#x10D8; &#x10E1;&#x10D8;&#x10EA;&#x10DD;&#x10EA;&#x10EE;&#x10DA;&#x10D8;&#x10E1;&#x10D0; :</subfield>
    <subfield code="b">&#x10D1;&#x10D8;&#x10DD;&#x10D2;&#x10E0;&#x10D0;&#x10E4;&#x10D8;&#x10E3;&#x10DA;&#x10D8; &#x10E0;&#x10DD;&#x10DB;&#x10D0;&#x10DC;&#x10D8; &#x10D5;&#x10D8;&#x10DC;&#x10E1;&#x10D4;&#x10DC;&#x10E2; &#x10D5;&#x10D0;&#x10DC; &#x10D2;&#x10DD;&#x10D2;&#x10D6;&#x10D4; /</subfield>
    <subfield code="c">&#x10D8;&#x10E0;&#x10D5;&#x10D8;&#x10DC;&#x10D2; &#x10E1;&#x10E2;&#x10DD;&#x10E3;&#x10DC;&#x10D8;,  &#x10D8;&#x10DC;&#x10D2;&#x10DA;. &#x10D7;&#x10D0;&#x10E0;&#x10D2;&#x10DB;&#x10DC;&#x10D0; &#x10DB;. &#x10D0;&#x10DC;&#x10D7;&#x10D0;&#x10EB;&#x10D4;&#x10DB;.</subfield>
  </datafield>
  <datafield tag="264" ind1=" " ind2=" ">
    <subfield code="a">&#x10D7;&#x10D1;&#x10D8;&#x10DA;&#x10D8;&#x10E1;&#x10D8;:</subfield>
    <subfield code="b">&#x10E1;&#x10D0;&#x10D1;&#x10ED;. &#x10E1;&#x10D0;&#x10E5;&#x10D0;&#x10E0;&#x10D7;&#x10D5;&#x10D4;&#x10DA;&#x10DD;,</subfield>
    <subfield code="c"> 1974.</subfield>
  </datafield>
  <datafield tag="300" ind1=" " ind2=" ">
    <subfield code="a">555&#x10D2;&#x10D5;. :</subfield>
    <subfield code="b">&#x10D8;&#x10DA;.; 3 &#x10E4;. &#x10D8;&#x10DA;. ;</subfield>
    <subfield code="c"> 20&#x10E1;&#x10DB;.</subfield>
  </datafield>
  <datafield tag="653" ind1=" " ind2=" ">
    <subfield code="a">&#x10EC;&#x10E7;&#x10E3;&#x10E0;&#x10D5;&#x10D8;&#x10DA;&#x10D8; &#x10E1;&#x10D8;&#x10EA;&#x10DD;&#x10EA;&#x10EE;&#x10DA;&#x10D8;&#x10E1;&#x10D0;</subfield>
  </datafield>
  <datafield tag="653" ind1=" " ind2=" ">
    <subfield code="a">&#x10E0;&#x10DD;&#x10DB;&#x10D0;&#x10DC;&#x10D8;</subfield>
  </datafield>
  <datafield tag="700" ind1=" " ind2=" ">
    <subfield code="a">&#x10D0;&#x10DC;&#x10D7;&#x10D0;&#x10EB;&#x10D4;, &#x10DB;</subfield>
    <subfield code="e">&#x10DB;&#x10D7;&#x10D0;&#x10E0;&#x10D2;&#x10DB;&#x10DC;&#x10D4;&#x10DA;&#x10D8;</subfield>
    <subfield code="9">16140</subfield>
  </datafield>
  <datafield tag="942" ind1=" " ind2=" ">
    <subfield code="2">udc</subfield>
    <subfield code="c">BK</subfield>
  </datafield>
  <datafield tag="952" ind1=" " ind2=" ">
    <subfield code="0">0</subfield>
    <subfield code="1">0</subfield>
    <subfield code="2">udc</subfield>
    <subfield code="4">0</subfield>
    <subfield code="6">8211113126_&#x10E1;85</subfield>
    <subfield code="7">0</subfield>
    <subfield code="9">93088</subfield>
    <subfield code="a">CPL</subfield>
    <subfield code="b">CPL</subfield>
    <subfield code="c">GEN</subfield>
    <subfield code="d">2022-11-28</subfield>
    <subfield code="g">8.00</subfield>
    <subfield code="o">821.111-312.6 &#x10E1;-85</subfield>
    <subfield code="p">63190</subfield>
    <subfield code="r">2022-11-28</subfield>
    <subfield code="t">63190</subfield>
    <subfield code="w">2022-11-28</subfield>
    <subfield code="y">BK</subfield>
    <subfield code="z">8.00</subfield>
  </datafield>
</record>
